यशोमति मैया से (Record no. 25557)
[ view plain ]
| 000 -LEADER | |
|---|---|
| fixed length control field | 00269nam a22001097a 4500 |
| 003 - CONTROL NUMBER IDENTIFIER | |
| control field | SGT |
| 020 ## - INTERNATIONAL STANDARD BOOK NUMBER | |
| International Standard Book Number | 978-83-95020-67-1 |
| 082 ## - DEWEY DECIMAL CLASSIFICATION NUMBER | |
| Classification number | 891.41 |
| Item number | KUM |
| 100 ## - MAIN ENTRY--PERSONAL NAME | |
| Personal name | कुमार, डॉ. अनुपम |
| 245 ## - TITLE STATEMENT | |
| Title | यशोमति मैया से |
| 942 ## - ADDED ENTRY ELEMENTS (KOHA) | |
| Source of classification or shelving scheme | Dewey Decimal Classification |
| Koha item type | Books |
| Withdrawn status | Lost status | Source of classification or shelving scheme | Damaged status | Not for loan | Collection code | Home library | Current library | Shelving location | Date acquired | SGTU | Total Checkouts | Full call number | Accession No. (Barcode) | Date last seen | Bill Date | Koha item type |
|---|---|---|---|---|---|---|---|---|---|---|---|---|---|---|---|---|
| Dewey Decimal Classification | Not For Loan | MASS COMMUNICATION | SGT Science & Social Sciences Library | SGT Science & Social Sciences Library | Reference Book | 08/01/2024 | SGTU | 891.41 KUM | MC1174 | 08/01/2024 | 08/01/2024 | Books |